000 00454nam a2200181Ia 4500
001 4949
005 20260306145832.0
008 260306t2009||||xx |||||||||||||| ||spa||
041 _aESP
082 _a332.042
_bL54
100 _aLevy Carciente, Sary
_eAUT
245 0 _aUn siglo de pánico:
_blas crisis financieras del siglo XX
260 _c2009
300 _a173 páginas :
_c23 cm.
650 _aGEN
654 _aCAN
942 _cLIB
_dJUS
_fJUS
_2ddc
_n
999 _c4949
_d4949